BLAH BLAH BLAH WHAT TO DO WHEN WORDS DON (Record no. 28177)

MARC details
000 -LEADER
fixed length control field 00350nam a2200133Ia 4500
008 - FIXED-LENGTH DATA ELEMENTS--GENERAL INFORMATION
fixed length control field 240624s9999 xx 000 0 und d
041 ## - LANGUAGE CODE
Language code of text/sound track or separate title eng
082 ## - DEWEY DECIMAL CLASSIFICATION NUMBER
Classification number 153.4 ROA
100 ## - MAIN ENTRY--PERSONAL NAME
Personal name ROAM DAN
245 ## - TITLE STATEMENT
Title BLAH BLAH BLAH WHAT TO DO WHEN WORDS DON
260 ## - PUBLICATION, DISTRIBUTION, ETC.
Date of publication, distribution, etc. 2011
Place of publication, distribution, etc. New Delhi
Name of publisher, distributor, etc. Portfolio Penguin
300 ## - PHYSICAL DESCRIPTION
Extent xi, : 350 : p. : cm. ; 20
365 ## - TRADE PRICE
Currency code
Price amount 38
Holdings
Withdrawn status Lost status Damaged status Not for loan Home library Current library Shelving location Date acquired Source of acquisition Cost, normal purchase price Total Checkouts Total Renewals Full call number Barcode Date last seen Date last checked out Copy number Price effective from Koha item type
        IMTN IMTN Rack 2-B 12/16/2016 BKI 29.95 2 1 153.4 ROA 28177 01/23/2025 01/13/2025 71.3 06/24/2024 Books
Designed & Maintained by: LRC IMT Nagpur Contact: lrc@imtnag.ac.in© 2024. All Rights Reserved.